Aké vlastne sú daňové úniky na Slovensku?

Vymedzenie pojmu daňový únik. Legálne a nelegálne druhy daňových únikov. Optimálne prostredie pre vznik daňových únikov a najziskovejšie daňové úniky. Bariéry účinnej eliminácie.

Salvato in:
Dettagli Bibliografici
Autore principale: Burák, Emil
Natura: Libro
Lingua:slovacco
Soggetti:
Tags: Aggiungi Tag
Nessun Tag, puoi essere il primo ad aggiungerne!!

MARC

LEADER 00000nam a2200000 4500
001 r031848
005 20230911131124.7
041 0 |a slo 
044 |a SK 
245 1 0 |a Aké vlastne sú daňové úniky na Slovensku?  |c Emil Burák 
520 |a Vymedzenie pojmu daňový únik. Legálne a nelegálne druhy daňových únikov. Optimálne prostredie pre vznik daňových únikov a najziskovejšie daňové úniky. Bariéry účinnej eliminácie. 
610 2 0 |a únik daňový 
610 2 0 |a sústava daňová 
610 2 0 |a živnostníci 
610 2 0 |a sankcie 
610 2 0 |a legislatíva 
610 2 0 |a Slovensko 
100 1 |a Burák, Emil